<?xml version="1.0" encoding="UTF-8"?>
<record
    xmlns:xsi="http://www.w3.org/2001/XMLSchema-instance"
    xsi:schemaLocation="http://www.loc.gov/MARC21/slim http://www.loc.gov/standards/marcxml/schema/MARC21slim.xsd"
    xmlns="http://www.loc.gov/MARC21/slim">

  <leader>01601nam a22002177a 4500</leader>
  <controlfield tag="005">20260128110815.0</controlfield>
  <controlfield tag="008">230907b           ||||| |||| 00| 0 eng d</controlfield>
  <datafield tag="020" ind1=" " ind2=" ">
    <subfield code="a">9780143418801</subfield>
  </datafield>
  <datafield tag="040" ind1=" " ind2=" ">
    <subfield code="c">AL</subfield>
  </datafield>
  <datafield tag="041" ind1=" " ind2=" ">
    <subfield code="a">eng</subfield>
  </datafield>
  <datafield tag="082" ind1=" " ind2=" ">
    <subfield code="2">23</subfield>
    <subfield code="a">820.33</subfield>
    <subfield code="b">SINL</subfield>
  </datafield>
  <datafield tag="100" ind1=" " ind2=" ">
    <subfield code="a">Ravinder Singh</subfield>
    <subfield code="9">252928</subfield>
  </datafield>
  <datafield tag="245" ind1=" " ind2=" ">
    <subfield code="a">Like it happened yesterday</subfield>
  </datafield>
  <datafield tag="260" ind1=" " ind2=" ">
    <subfield code="a">USA</subfield>
    <subfield code="b">Penguin Metro Reads</subfield>
    <subfield code="c">2013</subfield>
  </datafield>
  <datafield tag="300" ind1=" " ind2=" ">
    <subfield code="a">x,196p.</subfield>
    <subfield code="b">PB</subfield>
    <subfield code="c">19x13cm.</subfield>
  </datafield>
  <datafield tag="365" ind1=" " ind2=" ">
    <subfield code="2">General</subfield>
    <subfield code="a">4337</subfield>
    <subfield code="b">159.00</subfield>
    <subfield code="c">&#x20B9;</subfield>
    <subfield code="d">199.00</subfield>
    <subfield code="e">20%</subfield>
    <subfield code="f">02-09-2023</subfield>
  </datafield>
  <datafield tag="520" ind1=" " ind2=" ">
    <subfield code="a">Has anyone ever asked you - What were the best days of your life? That one period of your life you always wanted to go back to? And live that life...one more time?
When asked this, I closed my eyes and went back in my own past. And I thought...
...of the days when life's most complex choices had a simple solution of Akkad Bakkad Bambey Bo!
...of the seasons when rains were celebrated by making paper boats.
...of the times when waiting at the railway crossing meant counting the bogies of the train passing by.
When I opened my eyes, it seems Like it Happened Yesterday! Like it was yesterday that I broke my first tooth and fell in love for the first time. Like it was yesterday when I was about to lose my friend, and suddenly, he became my best friend.
I look back, and it becomes a journey full of adventure. It makes me laugh; it makes me cry; and I know I&#x2019;m here because I was...
Come, hold my hand, and take this trip with me. It will be yesterday for you, once again!</subfield>
  </datafield>
  <datafield tag="650" ind1=" " ind2=" ">
    <subfield code="a">Indian English Fiction</subfield>
    <subfield code="9">132877</subfield>
  </datafield>
  <datafield tag="650" ind1=" " ind2=" ">
    <subfield code="a">Indian English Literature</subfield>
    <subfield code="9">132878</subfield>
  </datafield>
  <datafield tag="942" ind1=" " ind2=" ">
    <subfield code="2">ddc</subfield>
    <subfield code="c">BK</subfield>
  </datafield>
  <datafield tag="999" ind1=" " ind2=" ">
    <subfield code="c">228689</subfield>
    <subfield code="d">228689</subfield>
  </datafield>
  <datafield tag="952" ind1=" " ind2=" ">
    <subfield code="0">0</subfield>
    <subfield code="1">0</subfield>
    <subfield code="2">ddc</subfield>
    <subfield code="4">0</subfield>
    <subfield code="7">0</subfield>
    <subfield code="8">GEN</subfield>
    <subfield code="a">AL</subfield>
    <subfield code="b">AL</subfield>
    <subfield code="d">2023-09-06</subfield>
    <subfield code="e">Biblios Book Point Surathkal Mangalore 575014</subfield>
    <subfield code="g">159.00</subfield>
    <subfield code="l">4</subfield>
    <subfield code="o">820.33 SINL</subfield>
    <subfield code="p">076759</subfield>
    <subfield code="r">2025-02-17 00:00:00</subfield>
    <subfield code="s">2024-10-23</subfield>
    <subfield code="v">199.00</subfield>
    <subfield code="w">2023-09-07</subfield>
    <subfield code="y">BK</subfield>
  </datafield>
</record>
